[Event "CZE-chT2A 1011"]
[Site "Czech Republic"]
[Date "2011.02.20"]
[Round "8"]
[White "Muzikar, Jan"]
[Black "Petera, Lubomir"]
[Result "1/2-1/2"]
[WhiteElo "2046"]
[BlackElo "2018"]
[PlyCount "68"]
[EventDate "2010.10.17"]
[EventType "team-tourn"]
[EventRounds "11"]
[EventCountry "CZE"]
[SourceTitle "EXT 2012"]
[Source "ChessBase"]
[SourceDate "2011.11.24"]
[SourceVersion "1"]
[SourceVersionDate "2011.11.24"]
[SourceQuality "1"]
[WhiteTeam "Cesky Krumlov"]
[BlackTeam "Domazlice"]
[WhiteTeamCountry "CZE"]
[BlackTeamCountry "CZE"]

1. e4 c5 2. Nc3 e5 3. Bc4 d6 4. d3 Nf6 5. Nge2 Be7 6. 0-0 Nc6 7. Ng3 Be6 8. Nd5 Qd7 9. c3 0-0-0 10. b4 h5 11. Qa4 h4 12. b5 Bxd5 13. exd5 Nb8 14. Ne4 Nh5 15. Qd1 Nf4 16. f3 f5 17. Nf2 Bf6 18. Bxf4 exf4 19. d4 Qf7 20. Qd3 Be7 21. Rfe1 Nd7 22. Re6 Nb6 23. Rae1 Rhe8 24. Bb3 Bf8 25. a4 Rxe6 26. dxe6 Qf6 27. a5 Na8 28. d5 g5 29. Bc2 Be7 30. b6 a6 31. c4 Rf8 32. h3 Kb8 33. Qe2 Kc8 34. Kf1 Kb8 1/2-1/2

[Event "CZE-chT2A 1011"]
[Site "Czech Republic"]
[Date "2011.01.23"]
[Round "6"]
[White "Petera, Lubomir"]
[Black "Janocko, Petr"]
[Result "1/2-1/2"]
[WhiteElo "2018"]
[BlackElo "2087"]
[PlyCount "109"]
[EventDate "2010.10.17"]
[EventType "team-tourn"]
[EventRounds "11"]
[EventCountry "CZE"]
[SourceTitle "EXT 2012"]
[Source "ChessBase"]
[SourceDate "2011.11.24"]
[SourceVersion "1"]
[SourceVersionDate "2011.11.24"]
[SourceQuality "1"]
[WhiteTeam "Domazlice"]
[BlackTeam "Plzen Letna"]
[WhiteTeamCountry "CZE"]
[BlackTeamCountry "CZE"]

1. e4 c6 2. Nf3 d5 3. exd5 cxd5 4. d4 Nc6 5. Bd3 Nf6 6. c3 g6 7. 0-0 Bg7 8. Re1 0-0 9. Bg5 Qb6 10. Qc1 Re8 11. Nbd2 h6 12. Bh4 Bg4 13. h3 Bxf3 14. Nxf3 Rac8 15. Bxf6 exf6 16. Qd2 Na5 17. Re2 Rxe2 18. Qxe2 Qd6 19. Re1 Bf8 20. Nh4 f5 21. Qf3 Rd8 22. Re3 Qf6 23. g3 Nc6 24. Ng2 Bd6 25. Nf4 Bxf4 26. Qxf4 Kg7 27. Qc7 b6 28. Bb5 Rd6 29. Bxc6 Rxc6 30. Qxa7 Re6 31. Qc7 Rxe3 32. fxe3 Kh7 33. Kf2 h5 34. a4 h4 35. b4 hxg3+ 36. Kxg3 Qg5+ 37. Kf2 Qh4+ 38. Qg3 Qe4 39. Qe5 Qc2+ 40. Kf3 Qd1+ 41. Kf4 Qg1 42. Qxd5 Qf2+ 43. Ke5 Qxe3+ 44. Kf6 Qe8 45. a5 bxa5 46. bxa5 f4 47. Kg5 Qe7+ 48. Kxf4 Qh4+ 49. Ke3 Qxh3+ 50. Ke2 Qg4+ 51. Kd3 Qd1+ 52. Kc4 Qa4+ 53. Kd3 Qd1+ 54. Ke4 Qe1+ 55. Kd3 1/2-1/2

[Event "CZE-chT2A 0910"]
[Site "Czech Republic"]
[Date "2009.11.08"]
[Round "2.7"]
[White "Kupka, Frantisek"]
[Black "Petera, Lubomir"]
[Result "1-0"]
[WhiteElo "2074"]
[BlackElo "2022"]
[PlyCount "57"]
[EventDate "2009.10.18"]
[EventType "team-tourn"]
[EventRounds "11"]
[EventCountry "CZE"]
[SourceTitle "EXT 2012"]
[Source "ChessBase"]
[SourceDate "2011.11.24"]
[SourceVersion "1"]
[SourceVersionDate "2011.11.24"]
[SourceQuality "1"]
[WhiteTeam "Line"]
[BlackTeam "Domazlice"]
[WhiteTeamCountry "CZE"]
[BlackTeamCountry "CZE"]

1. e4 c5 2. Nf3 d6 3. d4 cxd4 4. Nxd4 Nc6 5. c4 g6 6. Nc3 Bg7 7. Be3 Nf6 8. Be2 0-0 9. 0-0 Bd7 10. Rc1 Ne5 11. b3 h6 12. Qd2 Kh7 13. f4 Nc6 14. Nf3 b6 15. Bd3 Rc8 16. Bb1 Na5 17. h3 Bc6 18. Qf2 Ba8 19. Qh4 Nb7 20. f5 Qe8 21. e5 Nd7 22. e6 fxe6 23. fxg6+ Kg8 24. Bxh6 Nf6 25. Nd4 Nd8 26. Bxg7 Kxg7 27. Rxf6 Rh8 28. Rf7+ Nxf7 29. Nxe6+ 1-0

[Event "Brno op-A"]
[Site "Brno"]
[Date "2007.07.08"]
[Round "9"]
[White "Kolomaznikova, Barbora"]
[Black "Petera, Lubomir"]
[Result "1/2-1/2"]
[WhiteElo "1831"]
[BlackElo "2073"]
[PlyCount "63"]
[EventDate "2007.07.01"]
[EventType "swiss"]
[EventRounds "9"]
[EventCountry "CZE"]
[SourceTitle "CBM 119 Extra"]
[Source "ChessBase"]
[SourceDate "2007.09.04"]
[SourceVersion "1"]
[SourceVersionDate "2007.09.04"]
[SourceQuality "1"]

1. e4 c5 2. Nf3 Nc6 3. d4 cxd4 4. Nxd4 d6 5. Nc3 Nf6 6. Be2 g6 7. Be3 Bg7 8. 0-0 0-0 9. f4 d5 10. exd5 Nxd5 11. Nxd5 Nxd4 12. Bxd4 Qxd5 13. Bxg7 Qxd1 14. Raxd1 Kxg7 15. Rd2 Be6 16. a3 Rac8 17. c3 Rc5 18. Rfd1 Kf6 19. Kf2 g5 20. fxg5+ Rxg5 21. Rd8 Rxd8 22. Rxd8 Rd5 23. Rxd5 Bxd5 24. g3 e5 25. c4 Bc6 26. b4 b6 27. Ke3 Ke6 28. g4 h6 29. Bf3 Bd7 30. h3 f6 31. Be4 Kd6 32. Kd3 1/2-1/2

[Event "Brno op-A"]
[Site "Brno"]
[Date "2007.07.04"]
[Round "4"]
[White "Petera, Lubomir"]
[Black "Hladil, Ivo"]
[Result "1-0"]
[WhiteElo "2073"]
[BlackElo "1902"]
[PlyCount "63"]
[EventDate "2007.07.01"]
[EventType "swiss"]
[EventRounds "9"]
[EventCountry "CZE"]
[SourceTitle "CBM 119 Extra"]
[Source "ChessBase"]
[SourceDate "2007.09.04"]
[SourceVersion "1"]
[SourceVersionDate "2007.09.04"]
[SourceQuality "1"]

1. e4 d6 2. Nf3 Nf6 3. Nc3 c6 4. d4 Bg4 5. Be2 Nbd7 6. 0-0 e5 7. Be3 Be7 8. h3 Bh5 9. Nd2 Bxe2 10. Qxe2 Qc7 11. Rab1 0-0 12. f4 b5 13. g4 a6 14. g5 Ne8 15. Nf3 f5 16. exf5 Rxf5 17. Nh4 Rf8 18. Qg4 Kh8 19. Qh5 Kg8 20. fxe5 g6 21. Qg4 Ng7 22. e6 Nb6 23. Bd2 Nc4 24. Bf4 Nh5 25. Ne4 Nxf4 26. Rxf4 Rxf4 27. Qxf4 Rf8 28. Nf6+ Kg7 29. Ne8+ Rxe8 30. Qf7+ Kh8 31. Qxe8+ Kg7 32. Rf1 1-0

[Event "Brno op-A"]
[Site "Brno"]
[Date "2007.07.03"]
[Round "3"]
[White "Jurka, Miroslav"]
[Black "Petera, Lubomir"]
[Result "1-0"]
[WhiteElo "2321"]
[BlackElo "2073"]
[PlyCount "61"]
[EventDate "2007.07.01"]
[EventType "swiss"]
[EventRounds "9"]
[EventCountry "CZE"]
[SourceTitle "CBM 119 Extra"]
[Source "ChessBase"]
[SourceDate "2007.09.04"]
[SourceVersion "1"]
[SourceVersionDate "2007.09.04"]
[SourceQuality "1"]

1. Nf3 Nf6 2. c4 c5 3. Nc3 Nc6 4. g3 g6 5. Bg2 Bg7 6. 0-0 0-0 7. d4 cxd4 8. Nxd4 Qb6 9. Nc2 d6 10. b3 Bf5 11. Bb2 Qd8 12. Ne3 Qd7 13. Nxf5 Qxf5 14. Qd2 Rab8 15. Rac1 Rfd8 16. h3 h5 17. Nd5 Kh7 18. Rfe1 Ne4 19. Bxe4 Qxe4 20. Bxg7 Kxg7 21. Rc3 Rd7 22. Re3 Qf5 23. Kg2 Ne5 24. Qd4 f6 25. Qxa7 Nc6 26. Qa3 h4 27. g4 Qc2 28. Rd3 b5 29. Ne3 b4 30. Qa4 Ra7 31. Nxc2 1-0

[Event "CZE-chT2a 0607"]
[Site "Czech Republic"]
[Date "2007.04.15"]
[Round "11.8"]
[White "Petera, Lubomir"]
[Black "Houdek, Pavel"]
[Result "1/2-1/2"]
[WhiteElo "2041"]
[BlackElo "2004"]
[PlyCount "130"]
[EventDate "2006.10.15"]
[EventType "team"]
[EventRounds "11"]
[EventCountry "CZE"]
[SourceTitle "EXT 2009"]
[Source "ChessBase"]
[SourceDate "2008.11.26"]
[SourceVersion "1"]
[SourceVersionDate "2008.11.26"]
[SourceQuality "1"]
[WhiteTeam "Domazlice"]
[BlackTeam "Tabor II"]
[WhiteTeamCountry "CZE"]
[BlackTeamCountry "CZE"]

1. e4 e5 2. Nf3 Nc6 3. Bb5 a6 4. Ba4 Nf6 5. 0-0 b5 6. Bb3 Be7 7. Re1 0-0 8. c3 d5 9. exd5 Nxd5 10. d4 exd4 11. Nxd4 Nxd4 12. cxd4 Bf6 13. Nc3 Nxc3 14. bxc3 c5 15. Bb2 cxd4 16. cxd4 Bb7 17. Rc1 Qd7 18. Qd3 Rad8 19. Rcd1 Rfe8 20. Re3 Qg4 21. f3 Rxe3 22. Qxe3 Qd7 23. Bc3 b4 24. Ba1 Re8 25. Qd2 a5 26. d5 Bxa1 27. Rxa1 Ba6 28. Re1 Rxe1+ 29. Qxe1 Kf8 30. Kf2 Qa7+ 31. Qe3 Qxe3+ 32. Kxe3 Ke7 33. Kd4 Kd6 34. f4 f6 35. Ba4 Bc8 36. Bb5 Bf5 37. Ba4 Bb1 38. Bb3 a4 39. Bc4 g5 40. g3 g4 41. Bb5 Bxa2 42. Bxa4 Bxd5 43. Bc2 h6 44. Bf5 b3 45. Kc3 Be6 46. Bxe6 Kxe6 47. Kxb3 Kd5 48. Kc3 Ke4 49. Kc4 Kf3 50. Kd5 Kg2 51. f5 Kxh2 52. Ke6 Kxg3 53. Kxf6 Kh4 54. Ke5 g3 55. f6 g2 56. f7 g1Q 57. f8Q Qe3+ 58. Kd5 Kg3 59. Qb8+ Qf4 60. Qb1 Qf3+ 61. Kd4 h5 62. Qg1+ Kh3 63. Kc5 h4 64. Kb5 Qg2 65. Qe1 Qg3 1/2-1/2

[Event "CZE-chT2a 0607"]
[Site "Czech Republic"]
[Date "2006.10.15"]
[Round "1.7"]
[White "Kubikova, Alena"]
[Black "Petera, Lubomir"]
[Result "1-0"]
[WhiteElo "2137"]
[BlackElo "2041"]
[PlyCount "111"]
[EventDate "2006.10.15"]
[EventType "team"]
[EventRounds "11"]
[EventCountry "CZE"]
[SourceTitle "EXT 2009"]
[Source "ChessBase"]
[SourceDate "2008.11.26"]
[SourceVersion "1"]
[SourceVersionDate "2008.11.26"]
[SourceQuality "1"]
[WhiteTeam "Kobylisy"]
[BlackTeam "Domazlice"]
[WhiteTeamCountry "CZE"]
[BlackTeamCountry "CZE"]

1. e4 c5 2. Nf3 Nc6 3. d4 cxd4 4. Nxd4 d6 5. c4 Nf6 6. Nc3 g6 7. Be2 Bg7 8. Be3 0-0 9. f3 Bd7 10. Qd2 a6 11. 0-0 Rb8 12. Rfd1 Nxd4 13. Bxd4 b5 14. e5 dxe5 15. Bxe5 b4 16. Bxf6 bxc3 17. Bxc3 Qb6+ 18. Kf1 Be6 19. Bxg7 Kxg7 20. Qc3+ Kg8 21. Rd2 Rfc8 22. b3 Qc7 23. Kg1 Rb5 24. Rad1 Rg5 25. f4 Rf5 26. g3 h5 27. Bf3 Ra5 28. b4 Ra4 29. Bc6 Rxb4 30. Qxb4 Qxc6 31. Qxe7 Qb6+ 32. c5 Qxc5+ 33. Qxc5 Rxc5 34. Rb2 Ra5 35. Rdd2 Kf8 36. Kf2 Ra3 37. Kg2 Ke7 38. Re2 Kf6 39. Rb6 Kg7 40. Rbb2 Kf6 41. Kf2 Kf5 42. Re5+ Kf6 43. Re3 Ra4 44. a3 Rd4 45. Rb6 Ra4 46. Rc3 Kg7 47. Ke3 Bf5 48. Rb4 Ra5 49. Kd4 Be6 50. Re3 Rd5+ 51. Kc3 Rc5+ 52. Kb2 Rc6 53. a4 Bh3 54. Rb7 Be6 55. a5 Rd6 56. Rb6 1-0

[Event "Brno Duras BVK op-A"]
[Site "Brno"]
[Date "2006.??.??"]
[Round "5"]
[White "Petera, Lubomir"]
[Black "Ciprys, David"]
[Result "1/2-1/2"]
[WhiteElo "2040"]
[BlackElo "1955"]
[PlyCount "105"]
[EventDate "2006.07.??"]
[EventType "swiss"]
[EventRounds "9"]
[EventCountry "CZE"]
[SourceTitle "EXT 2008"]
[Source "ChessBase"]
[SourceDate "2007.11.25"]
[SourceVersion "1"]
[SourceVersionDate "2007.11.25"]
[SourceQuality "1"]

1. e4 c5 2. Nf3 Nc6 3. d4 cxd4 4. Nxd4 Nf6 5. Nc3 e5 6. Ndb5 d6 7. a4 a6 8. Na3 Be6 9. Bg5 Be7 10. Bxf6 Bxf6 11. Bc4 0-0 12. 0-0 Qc7 13. Nd5 Bxd5 14. Bxd5 Rad8 15. c3 Ne7 16. Qd3 Nxd5 17. Qxd5 Qc6 18. Rfd1 Be7 19. Nc4 g6 20. Na5 Qxd5 21. Rxd5 Rd7 22. Rad1 f6 23. c4 Rc7 24. c5 dxc5 25. Rd7 Rfc8 26. Nxb7 Kf8 27. Rxc7 Rxc7 28. Na5 Kf7 29. Kf1 Ke6 30. Ke2 f5 31. f3 fxe4 32. fxe4 Rc8 33. b3 Rf8 34. Nc4 Rf4 35. Ke3 Rh4 36. h3 Bg5+ 37. Kd3 Rf4 38. Kc3 Be7 39. Kd3 Rf2 40. Rd2 Rf1 41. Ne3 Rb1 42. Kc4 Bg5 43. Re2 Rc1+ 44. Nc2 Be7 45. Kc3 Bd8 46. Kb2 Rd1 47. Ne3 Rd4 48. Nc4 Bg5 49. Nb6 Bd8 50. Nd5 Ba5 51. Ne3 Rxe4 52. Kc2 Bd8 53. Kd3 1/2-1/2

[Event "Tabor op"]
[Site "Tabor"]
[Date "2005.08.??"]
[Round "6"]
[White "Petera, Lubomir"]
[Black "Orel, Josef"]
[Result "0-1"]
[WhiteElo "2075"]
[BlackElo "1956"]
[PlyCount "80"]
[EventDate "2005.07.30"]
[EventType "swiss"]
[EventRounds "9"]
[EventCountry "CZE"]
[SourceTitle "EXT 2006"]
[Source "ChessBase"]
[SourceDate "2005.11.24"]
[SourceVersion "1"]
[SourceVersionDate "2005.11.24"]
[SourceQuality "1"]

1. e4 c5 2. Nf3 Nc6 3. d4 cxd4 4. Nxd4 e5 5. Nb5 d6 6. Be2 Be7 7. Be3 a6 8. N5c3 Bg5 9. Nd5 Bxe3 10. Nxe3 Nf6 11. Nc3 Be6 12. 0-0 0-0 13. Bc4 Bxc4 14. Nxc4 Nd4 15. Ne3 Rc8 16. Qd3 b5 17. a3 Nd7 18. Ned5 Nc5 19. Qd2 f5 20. exf5 Rxf5 21. f4 Rh5 22. Rae1 Na4 23. b3 Nxc3 24. Nxc3 Qb6 25. Kh1 Qc6 26. Re3 Rf8 27. Ree1 Rhf5 28. Re4 g5 29. g3 Kh8 30. Rd1 gxf4 31. g4 R5f7 32. h3 f3 33. Rf1 f2 34. Kg2 Rf3 35. Rxd4 Rd3+ 36. Nd5 Rxd4 37. Qg5 Qxd5+ 38. Kh2 Qf3 39. Qc1 Qf4+ 40. Qxf4 Rdxf4 0-1

[Event "Brno op"]
[Site "Brno"]
[Date "2005.07.04"]
[Round "3"]
[White "Petera, Lubomir"]
[Black "Bardoux, Thierry"]
[Result "0-1"]
[WhiteElo "2075"]
[BlackElo "2181"]
[PlyCount "90"]
[EventDate "2005.07.02"]
[EventType "swiss"]
[EventRounds "7"]
[EventCountry "CZE"]
[SourceTitle "EXT 2006"]
[Source "ChessBase"]
[SourceDate "2005.11.24"]
[SourceVersion "1"]
[SourceVersionDate "2005.11.24"]
[SourceQuality "1"]

1. e4 c5 2. Nf3 d6 3. d4 cxd4 4. Nxd4 Nf6 5. Nc3 a6 6. Be2 e6 7. Be3 Nbd7 8. Nb3 b5 9. a3 Bb7 10. f3 Be7 11. Qd2 0-0 12. g4 Ne5 13. g5 Nfd7 14. h4 Nc4 15. Bxc4 bxc4 16. Nd4 d5 17. exd5 exd5 18. h5 Re8 19. Kd1 Ne5 20. Qg2 Bc8 21. Kd2 Bc5 22. Rag1 g6 23. hxg6 fxg6 24. Rxh7 Kxh7 25. Qh2+ Kg8 26. Rh1 Nf7 27. Qh7+ Kf8 28. Ne6+ Rxe6 29. Bxc5+ Ke8 30. Qg8+ Kd7 31. Qxf7+ Kc6 32. Bd4 Qxg5+ 33. Kd1 Re7 34. Qf8 Bb7 35. Qf6+ Qxf6 36. Bxf6 Rf7 37. Bd4 Rxf3 38. Rg1 Rg8 39. Rg5 Rf5 40. Rg2 Bc8 41. Kd2 Rf4 42. Be3 Rg4 43. Rxg4 Bxg4 44. Ne2 Bxe2 45. Kxe2 Re8 0-1

[Event "Plzen op-A 10th"]
[Site "Plzen"]
[Date "2004.??.??"]
[Round "2"]
[White "Valickova, Martina"]
[Black "Petera, Lubomir"]
[Result "1-0"]
[WhiteElo "2060"]
[BlackElo "1850"]
[PlyCount "63"]
[EventDate "2004.08.??"]
[EventType "swiss"]
[EventRounds "9"]
[EventCountry "CZE"]
[SourceTitle "EXT 2007"]
[Source "ChessBase"]
[SourceDate "2006.11.23"]
[SourceVersion "1"]
[SourceVersionDate "2006.11.23"]
[SourceQuality "1"]

1. e4 c5 2. Nf3 d6 3. Bc4 Nf6 4. e5 dxe5 5. Nxe5 e6 6. Qe2 Be7 7. 0-0 0-0 8. b3 Nbd7 9. Bb2 Nb6 10. f4 Nxc4 11. bxc4 Bd7 12. d3 Qc7 13. Nd2 Bc6 14. g4 Nd7 15. Nxc6 Qxc6 16. g5 Rae8 17. Qh5 f6 18. Rf3 g6 19. Qh6 Rf7 20. Ne4 f5 21. Rh3 e5 22. Nc3 exf4 23. Re1 Nb6 24. Nd5 Nxd5 25. cxd5 Qb6 26. Bf6 c4+ 27. d4 Qb4 28. Qxg6+ Kf8 29. Qh6+ Kg8 30. Qh4 Qd2 31. d6 f3 32. Qf2 1-0

[Event "Plzen op-B 9th"]
[Site "Plzen"]
[Date "2003.??.??"]
[Round "5"]
[White "Petera, Lubomir"]
[Black "Benak, Jaroslav"]
[Result "1-0"]
[WhiteElo "1660"]
[BlackElo "1677"]
[PlyCount "85"]
[EventDate "2003.08.??"]
[EventType "swiss"]
[EventRounds "9"]
[EventCountry "CZE"]
[SourceTitle "EXT 2005"]
[Source "ChessBase"]
[SourceDate "2004.11.15"]
[SourceVersion "1"]
[SourceVersionDate "2004.11.15"]
[SourceQuality "1"]

1. e4 d5 2. exd5 Nf6 3. Nc3 Nxd5 4. Bc4 Nb6 5. Bb3 g6 6. Nf3 Bg7 7. d3 Nc6 8. Bg5 Bg4 9. h3 Bxf3 10. Qxf3 0-0 11. 0-0 Qd7 12. Rfe1 h6 13. Bh4 Rae8 14. Rab1 Nc8 15. Ne4 Ne5 16. Qe3 b6 17. Bg3 Kh7 18. Nc3 Nc6 19. Ba4 Nd6 20. Qf3 b5 21. Nxb5 Nd4 22. Nxd4 Qxa4 23. Nc6 e6 24. c3 Qxa2 25. Ne5 f6 26. Nc6 Rf7 27. Qd1 Qa6 28. Nb4 Qb7 29. Qa4 Ra8 30. Rxe6 Qb5 31. Qxb5 Nxb5 32. Rbe1 a5 33. Nd5 Rd8 34. c4 Nd4 35. Re7 Rxe7 36. Rxe7 Kg8 37. Rxc7 f5 38. Rb7 Ra8 39. b3 Nxb3 40. Rxb3 a4 41. Ra3 Bf8 42. Ra2 a3 43. Be5 1-0

[Event "Plzen op-B 9th"]
[Site "Plzen"]
[Date "2003.??.??"]
[Round "3"]
[White "Petera, Lubomir"]
[Black "Martinek, P."]
[Result "1-0"]
[WhiteElo "1660"]
[BlackElo "1826"]
[PlyCount "109"]
[EventDate "2003.08.??"]
[EventType "swiss"]
[EventRounds "9"]
[EventCountry "CZE"]
[SourceTitle "EXT 2005"]
[Source "ChessBase"]
[SourceDate "2004.11.15"]
[SourceVersion "1"]
[SourceVersionDate "2004.11.15"]
[SourceQuality "1"]

1. e4 e5 2. Nf3 Nc6 3. Bb5 a6 4. Ba4 Nf6 5. 0-0 Be7 6. c3 d6 7. Re1 b5 8. Bc2 0-0 9. d4 Bg4 10. d5 Na5 11. h3 Bd7 12. Nbd2 c5 13. Nf1 Re8 14. Ng3 g6 15. Nh2 Bf8 16. f4 c4 17. f5 Nb7 18. Ng4 Bg7 19. Qf3 Nxg4 20. Qxg4 Nc5 21. Qf3 Bc8 22. Rf1 f6 23. h4 Qe7 24. fxg6 hxg6 25. h5 g5 26. Nf5 Bxf5 27. Qxf5 Qd7 28. Qf3 Rf8 29. Be3 Rac8 30. Bxc5 Rxc5 31. Bd1 Rf7 32. Qg3 Kf8 33. Bg4 Qb7 34. Kh2 Bh8 35. Be6 Rh7 36. Qxg5 Qg7 37. Rxf6+ Qxf6 38. Qg8+ Ke7 39. Qxh7+ Qg7 40. Qxg7+ Bxg7 41. Rf1 Rc7 42. Kh3 Ke8 43. g4 Bh6 44. Bf5 Bf4 45. Kh4 Kf7 46. g5 Kg7 47. h6+ Kh8 48. Kh5 a5 49. g6 b4 50. g7+ Rxg7 51. hxg7+ Kxg7 52. Rg1+ Kf7 53. Be6+ Kf8 54. Kg6 a4 55. Kf6 1-0

[Event "Plzen op-B 9th"]
[Site "Plzen"]
[Date "2003.??.??"]
[Round "2"]
[White "Pokorny, Jan"]
[Black "Petera, Lubomir"]
[Result "0-1"]
[WhiteElo "1420"]
[BlackElo "1660"]
[PlyCount "74"]
[EventDate "2003.08.??"]
[EventType "swiss"]
[EventRounds "9"]
[EventCountry "CZE"]
[SourceTitle "EXT 2005"]
[Source "ChessBase"]
[SourceDate "2004.11.15"]
[SourceVersion "1"]
[SourceVersionDate "2004.11.15"]
[SourceQuality "1"]

1. e4 c5 2. Nf3 d6 3. d4 cxd4 4. Nxd4 Nf6 5. Nc3 g6 6. Be3 Bg7 7. f3 0-0 8. Qd2 Nc6 9. Bc4 Bd7 10. h4 Rc8 11. Bb3 Ne5 12. 0-0-0 h5 13. Bh6 Nc4 14. Bxc4 Rxc4 15. Bxg7 Kxg7 16. Rhe1 Qc7 17. Re3 Rc8 18. Nde2 b5 19. a3 a5 20. b3 Rc6 21. b4 axb4 22. axb4 Qa7 23. Qd4 Qa3+ 24. Kd2 Rc4 25. Qd3 Qxb4 26. Rb1 Qa5 27. Nd4 b4 28. Nce2 b3+ 29. c3 Qa2+ 30. Ke1 b2 31. Qc2 Rb8 32. Kf2 Ba4 33. Qd3 e5 34. Ne6+ fxe6 35. Qxd6 Re8 36. Qa6 Qxb1 37. Qxc4 Qc2 0-1

[Event "Plzen op-B 9th"]
[Site "Plzen"]
[Date "2003.??.??"]
[Round "4"]
[White "Simunek, Filip"]
[Black "Petera, Lubomir"]
[Result "0-1"]
[WhiteElo "1788"]
[BlackElo "1660"]
[PlyCount "96"]
[EventDate "2003.08.??"]
[EventType "swiss"]
[EventRounds "9"]
[EventCountry "CZE"]
[SourceTitle "EXT 2005"]
[Source "ChessBase"]
[SourceDate "2004.11.15"]
[SourceVersion "1"]
[SourceVersionDate "2004.11.15"]
[SourceQuality "1"]

1. e4 c5 2. Nf3 d6 3. d4 cxd4 4. Nxd4 Nf6 5. Nc3 g6 6. Be3 Bg7 7. f3 0-0 8. Qd2 Nc6 9. 0-0-0 Bd7 10. g4 Ne5 11. h4 h5 12. gxh5 Nxh5 13. Be2 Kh7 14. Rdg1 Qc8 15. f4 Nc4 16. Bxc4 Qxc4 17. f5 Rg8 18. Qd1 Be8 19. Rg5 Rh8 20. Rxh5+ gxh5 21. Qxh5+ Kg8 22. Qg4 Kf8 23. Rg1 Rh7 24. f6 exf6 25. Nf5 Bd7 26. Qg3 Bxf5 27. Qxd6+ Kg8 28. exf5 Qxh4 29. Bd4 Re8 30. Be3 Rh5 31. Nd5 Kh7 32. Qd7 Rxe3 33. Nxe3 Qf2 34. Qd1 Qxe3+ 35. Kb1 Qh3 36. a3 Qxf5 37. Qd6 Qe5 38. Qd1 Rh6 39. Qd3+ f5 40. Qb3 Rb6 41. Qh3+ Kg8 42. c3 Qe4+ 43. Ka1 Qc2 44. Rg2 Qd1+ 45. Ka2 Qb3+ 46. Ka1 Qd1+ 47. Ka2 Qd5+ 48. Ka1 Rg6 0-1

[Event "Klatovy op-B"]
[Site "Klatovy"]
[Date "2001.??.??"]
[Round "?"]
[White "Dvorak, Miloslav"]
[Black "Petera, Lubomir"]
[Result "0-1"]
[WhiteElo "1755"]
[BlackElo "1630"]
[PlyCount "80"]
[EventDate "2001.07.??"]
[EventType "swiss"]
[EventRounds "9"]
[EventCountry "CZE"]
[SourceTitle "EXT 2006"]
[Source "ChessBase"]
[SourceDate "2005.11.24"]
[SourceVersion "1"]
[SourceVersionDate "2005.11.24"]
[SourceQuality "1"]

1. e4 c5 2. Nf3 d6 3. d4 cxd4 4. Nxd4 Nf6 5. Nc3 g6 6. Be2 Bg7 7. Be3 0-0 8. 0-0 Nc6 9. Bf3 Ne5 10. Be2 a6 11. h3 Qc7 12. Bc1 b5 13. Nd5 Nxd5 14. exd5 Bb7 15. Rb1 Bxd5 16. Nxb5 Qb7 17. Nc7 Bxg2 18. Nxa8 Bxh3 19. f3 Bxf1 20. Qxf1 Rxa8 21. Be3 Nc6 22. c3 a5 23. a4 Rb8 24. Bb5 Ne5 25. Be2 Qc6 26. f4 Nd7 27. Bb5 Qe4 28. Re1 Qf5 29. Qg2 Nc5 30. Rd1 Ne6 31. Bd3 Nxf4 32. Bxf4 Qxf4 33. Be4 Qe3+ 34. Kh1 Qh6+ 35. Kg1 Bf6 36. Rd2 Rxb2 37. Rxb2 Qc1+ 38. Kh2 Be5+ 39. Kh3 Qh6+ 40. Kg4 Qh5# 0-1

[Event "Klatovy op-B"]
[Site "Klatovy"]
[Date "2001.??.??"]
[Round "?"]
[White "Petera, Lubomir"]
[Black "Horacek, David"]
[Result "0-1"]
[WhiteElo "1630"]
[BlackElo "1780"]
[PlyCount "66"]
[EventDate "2001.07.??"]
[EventType "swiss"]
[EventRounds "9"]
[EventCountry "CZE"]
[SourceTitle "EXT 2006"]
[Source "ChessBase"]
[SourceDate "2005.11.24"]
[SourceVersion "1"]
[SourceVersionDate "2005.11.24"]
[SourceQuality "1"]

1. e4 e5 2. Nf3 Nc6 3. Bb5 Bc5 4. c3 Nf6 5. 0-0 0-0 6. Re1 d6 7. d4 Bb6 8. Bxc6 bxc6 9. dxe5 Ng4 10. Be3 Nxe5 11. Bd4 Nxf3+ 12. Qxf3 Qg5 13. Qd3 Be6 14. Nd2 Rab8 15. b3 Qg6 16. Re3 f6 17. Rg3 Qf7 18. Re1 Rfe8 19. Qf3 Bxd4 20. cxd4 f5 21. Qc3 fxe4 22. Nxe4 Bd5 23. Ng5 Rxe1+ 24. Qxe1 Re8 25. Qc1 Qf4 26. Qb1 Qf5 27. Qa1 Qc2 28. h3 Qd2 29. Kf1 Re2 30. f3 Qe3 31. Ne4 Bxe4 32. Rxg7+ Kxg7 33. d5+ Kf7 0-1

[Event "Klatovy op-B"]
[Site "Klatovy"]
[Date "2001.??.??"]
[Round "?"]
[White "Petera, Lubomir"]
[Black "Horejsi, Roman"]
[Result "1/2-1/2"]
[WhiteElo "1630"]
[BlackElo "1795"]
[PlyCount "85"]
[EventDate "2001.07.??"]
[EventType "swiss"]
[EventRounds "9"]
[EventCountry "CZE"]
[SourceTitle "EXT 2006"]
[Source "ChessBase"]
[SourceDate "2005.11.24"]
[SourceVersion "1"]
[SourceVersionDate "2005.11.24"]
[SourceQuality "1"]

1. e4 c6 2. d4 d5 3. e5 Bf5 4. Nf3 e6 5. Be2 f6 6. c4 Bb4+ 7. Nc3 fxe5 8. Nxe5 Nd7 9. Nxd7 Qxd7 10. 0-0 Nf6 11. Bf4 0-0 12. Be5 Rf7 13. h4 h6 14. g4 Bh7 15. f3 dxc4 16. Rf2 b5 17. Rg2 Nd5 18. Qc1 Bd6 19. g5 hxg5 20. hxg5 Bxe5 21. dxe5 Bg6 22. Rh2 Nf4 23. Qe3 Nxe2+ 24. Qxe2 Qd4+ 25. Kg2 Rf5 26. Ne4 Raf8 27. Rah1 Qxe5 28. Qd2 Be8 29. Rh8+ Kf7 30. Nd6+ Kg6 31. Nxf5 Qxf5 32. Rxf8 Qxf8 33. Qe3 Qe7 34. Qe4+ Kf7 35. Qh4 Qd7 36. Qf4+ Kg6 37. Qe4+ Kxg5 38. Qh4+ Kg6 39. Qh5+ Kf6 40. Qh4+ Kg6 41. Qe4+ Kf6 42. Qf4+ Kg6 43. Qe4+ 1/2-1/2